00259nam a2200109Ia 4500008004100000100001800041245002600059260002600085260000900111546001200120999001700132170619s9999 xx 000 0 und d aHaykin- Simon 0aCommunication Systems bNew York : john Wiely c2001 aENGLISH c17472d17472